|
|
|
|
| LEADER |
00000cam a2200000 7i4500 |
| 001 |
0000001404 |
| 005 |
20010619.0 |
| 020 |
0 |
0 |
|a 967978553X
|
| 090 |
0 |
0 |
|a 330.9595112
|b TEN 1996
|
| 100 |
0 |
0 |
|a TENKU Idris Tenku Hadi
|c 1950-
|
| 245 |
1 |
0 |
|a Langkawi :
|b The hub of the Indonesia, Malaysia, Thailand growth triangle
|c Tenku Idris Tenku Hadi
|
| 260 |
0 |
0 |
|a Petaling Jaya, Selangor :
|b Pelanduk Pub. ,
|c 1996
|
| 300 |
|
|
|a 158 p. :
|b maps ;
|c 23 cm.
|
| 500 |
0 |
0 |
|a Bibliography : [p. 147-152] and index
|
| 650 |
0 |
0 |
|a Economic development projects
|z Kedah
|z Langkawi
|
| 650 |
0 |
0 |
|a Economic development projects
|z Peninsular Malaysia
|
| 650 |
0 |
0 |
|a Regional planning
|z Kedah
|z Langkawi
|
| 651 |
0 |
0 |
|a Malaysia
|x Economic conditions
|
| 651 |
0 |
0 |
|a Malaysia
|x Politics and government
|
| 998 |
|
|
|a JPSM
|
| 999 |
|
|
|a 0000002703
|b Monograph
|c Open Shelf
|e Default branch
|